000 00955cam a2200313 a 4500
001 1980477
003 Ke-BoTe
005 20220525145320.0
008 890705s1990 ctua b 001 0 eng c
010 _a 89017569
020 _a0838596827
040 _aDNLM/DLC
_cDLC
_dDLC
050 0 0 _aRG101
_b.G96 1990
060 _aWP 100 G997153
082 0 0 _a618.1
_220
245 0 0 _aGynecology :
_bwell-woman care /
_c[edited by] Ronnie Lichtman, Susan Papera.
260 _aNorwalk, Conn. :
_bAppleton & Lange ;
_cc1990.
300 _axvi, 493 p . :
_bill . ;
_c29 cm.
504 _aIncludes bibliographical references.
650 0 _aGynecology.
_96645
650 0 _aContraception.
_96810
650 2 _aContraception
_xmethods.
_96811
650 2 _aGynecology.
_96645
700 1 _aLichtman, Ronnie.
_96812
700 1 _aPapera, Susan.
_96813
740 0 _aWell-woman care.
906 _a7
_bcbc
_corignew
_d1
_eocip
_f19
_gy-gencatlg
942 _2lcc
_cBK
_n0
999 _c3239
_d3239